| 000 | 01132naa a22002897a 4500 | ||
|---|---|---|---|
| 001 | BR8305687 | ||
| 003 | BR-BrBNA | ||
| 005 | 20240918175351.0 | ||
| 007 | ta | ||
| 008 | 230509b bl.||||| |||| 00| 0 por d | ||
| 040 |
_aBR-BrBNA _bpor _cBiblioteca Nacional de Agricultura |
||
| 041 | _a(En) | ||
| 072 | _aL53; L10 | ||
| 090 | _aL53 BR8305687 | ||
| 100 | 1 | _aBasrur, P.K. | |
| 100 | 1 | _aPinheiro, L.E.L. | |
| 111 | 1 |
_a2. Symposium on Advanced Topics in Animal Reproduction _cJaboticabal, SP (Brazil) _d8-11 Aug 1983 |
|
| 245 | 1 | _aGenes, gametes and embryos [inseminacao artificial, transferencia de embriao] | |
| 260 | 3 |
_aJaboticabal, SP (Brasil): _c1983. |
|
| 500 | _aProceedings of the 2. Symposium on Advanced Topics in Animal Reproduction Jaboticabal, SP (Brasil): 1983. p. 1-23 (BR8305687-AM)L53 | ||
| 650 | _aGENETICA ANIMAL | ||
| 650 | _aINSEMINACAO ARTIFICIAL | ||
| 650 | _aTRANSFERENCIA DE EMBRIAO | ||
| 773 | 0 |
_tProceedings of the 2. Symposium on Advanced Topics in Animal Reproduction _wL53 BR8305687 _gJaboticabal, SP (Brasil), 1983. p. 1-23 |
|
| 909 |
_a202404 _bLucia _c55 _dLucia Elande |
||
| 942 |
_cAM _2AGRIS |
||
| 999 |
_c316358 _d316358 |
||